[Event "Paris FIDE GP"]
[Site "Elancourt"]
[Date "2013.09.27"]
[Round "5"]
[White "Tomashevsky, Evgeny"]
[Black "Dominguez Perez, Leinier"]
[Result "1/2-1/2"]
[WhiteElo "2706"]
[BlackElo "2757"]
[Annotator "Krasenkow,M"]
[PlyCount "109"]
[EventDate "2013.09.22"]
[EventType "tourn"]
[EventRounds "11"]
[EventCountry "FRA"]
[EventCategory "20"]
[SourceTitle "CBM 157"]
[Source "ChessBase"]
[SourceDate "2013.11.12"]
[SourceVersion "1"]
[SourceVersionDate "2013.11.12"]
[SourceQuality "1"]

1. d4 (1. e4 e6 2. d4 d5 3. Nd2 c5 4. c3 Nc6 5. Ngf3 cxd4 6. cxd4 dxe4 7. Nxe4
Bb4+ 8. Nc3 Nf6 9. Bd3 O-O 10. O-O {You will see later on why these moves are
shown here :-).}) 1... Nf6 2. c4 e6 3. Nc3 Bb4 4. e3 O-O 5. Bd3 d5 6. Nf3 dxc4
7. Bxc4 c5 8. O-O Nc6 9. Bd3 {An attempt to avoid the main theoretical road:} (
9. a3) 9... h6 $5 $146 {[%mdl 8]} (9... cxd4 10. exd4 {leads to a well-known
position often arising from the.... French Defence (!!!). The relevant order
of moves is shown in annotations to move 1 (see above).}) (9... Qe7 {is
another option although it allows White to leave the b4 bishop "high and dry":}
10. Ne4 $1 cxd4 $142 (10... Nxe4 11. Bxe4 Rd8 (11... f5 12. Bxc6 bxc6 13. Bd2
Ba6 14. Re1 Bxd2 15. Qxd2 cxd4 16. exd4 Bc4 17. Ne5 $14 {1-0 (49) Filip,
M-Pomar Salamanca,A Olot 1975}) 12. a3 (12. Qc2 cxd4 13. Bxh7+ Kh8 14. exd4
Nxd4 15. Nxd4 Rxd4 16. Be3 Rd8 (16... Rh4 {1/2 (20) Hernandez Onna,R (2435)
-Pomar Salamanca,A (2435) Alicante 1977} 17. Bd3 $14 {[%csl Rh4]}) 17. Rad1 Bd7
18. Be4 Bb5 19. Rxd8+ Rxd8 20. Rd1 {1-0 (40) Sanguineti,R-Kolarov,A Varna 1962}
b6 $11) 12... Ba5 13. Qc2 (13. Qa4 Bb6 14. dxc5 Qxc5 15. Bd2 Bd7 16. Bc3 Rac8
17. Bc2 Qh5 $11 {1/2 (47) Visier Segovia,F (2350)-Pomar Salamanca,A Costa
Brava 1976}) 13... f5 (13... cxd4 {1/2 (90) Rubinetti,J (2440)-Acosta,T Villa
Gesell 1971} 14. Bxh7+ Kh8 15. exd4 Nxd4 16. Nxd4 Rxd4 17. Be3 {is now more
favourable for White than after the immediate 11.Qc2 since Black's a5-bishop
is misplaced}) 14. Bxc6 bxc6 15. Rd1 (15. e4 $5 $36) 15... Bb6 16. Bd2 Ba6 17.
dxc5 Qxc5 $11 {1/2 (24) Donner,J (2480)-Pomar Salamanca,A (2435) Wijk aan Zee
1974}) 11. exd4 (11. Nxf6+ Qxf6 12. exd4 h6 13. Be4 Rd8 14. Be3 Bd7 15. Qe2 Bd6
16. Rfd1 Rab8 17. a3 Be8 18. Rac1 Ne7 19. Ne5 Nf5 $11) 11... h6 $1 12. a3 (12.
Qe2 Rd8 13. Be3 e5 14. dxe5 Nxe5 15. Nxe5 Qxe5 16. Nxf6+ Qxf6 17. Be4 Bd6 18.
g3 {1-0 (42) Olafsson,F-O'Kelly de Galway,A Dundee 1967} Be5 $11) 12... Ba5 $1
(12... Bd6 13. Re1 Rd8 14. b4 Nxe4 15. Bxe4 Qf6 16. Bb2 Ne7 17. Ne5 Nd5 18. Qh5
Bf8 19. Rac1 $14 {1-0 (41) Najdorf,M-Eliskases,E Buenos Aires 1964}) 13. b4 Bb6
14. Bb2 Rd8 15. Nc5 (15. Ng3 Qd6 16. Ne2 Bd7 17. b5 Ne7 18. a4 Qb8 19. Ne5 Ned5
20. Qd2 Bc7 $13 {1-0 (51) Nisipeanu,L (2648)-Atalik,S (2603) Burgas 2012 CBM
151 [Atalik,S]}) 15... Bxc5 16. bxc5 b6 17. Qc2 Bb7 18. Rfd1 Rac8 19. Rab1 Nb8
{1/2 (19) Gligoric,S-Olafsson,F Lugano 1970}) {The idea of the text move,
which works perfectly in the present game, is to avoid all these tactical
motifs with Qd1-c2, as well as Bc1-g5 in case of ...c5xd4 e3xd4.} 10. a3 (10.
Ne4 {is now completely harmless, e.g.} Nxe4 11. Bxe4 cxd4 12. exd4 Bd6 $11)
10... Ba5 11. dxc5 {After this capture Black destroys White's pawn structure
and gets a good position.} Bxc3 $1 12. bxc3 Qd5 {[%cal Yd5c5,Yf8d8]} (12... Qe7
13. a4 e5 {was possible, too.}) 13. Qc2 Rd8 14. Rd1 Qxc5 15. a4 e5 16. Ba3 Qa5
17. Bb5 (17. Nd2 Bg4 $1 18. f3 Be6 {can be dangerous for White. Therefore
Evgeny Tomashevsky looks for simplifications.}) 17... Be6 18. h3 Qc7 19. Rxd8+
Rxd8 20. Rd1 Rxd1+ 21. Qxd1 a6 22. Bxc6 Qxc6 23. Nxe5 Qxc3 24. Qd8+ Kh7 25.
Qd3+ Qxd3 26. Nxd3 {If not Sofia rules, the game could have ended here.} b6 27.
Bd6 Bb3 28. Bc7 (28. Nb2 {was quite possible but White sees that the ending
with opposite-coloured bishops after the knight swap is a dead draw.}) 28...
Nd5 29. Bd8 Bxa4 30. e4 Nc3 31. Bxb6 Nxe4 32. Nc5 Nxc5 33. Bxc5 Bb5 34. Bb4 Kg6
35. Bc3 f6 36. f3 Kf5 37. Kf2 Ke6 38. h4 h5 39. Bb4 Kd5 40. Bf8 g6 41. Be7 f5
42. Bd8 Kc4 43. f4 Kb4 44. Ke3 a5 45. Kd2 a4 46. Kc2 Kc4 47. Kb2 Kd4 48. g3 Ke3
49. Ka3 Kf3 50. Bg5 Kxg3 {Black has won a second pawn - to no avail.} 51. Kb4
Kg4 52. Ka3 Kg3 53. Kb4 Kg4 54. Ka3 Kg3 55. Kb4 1/2-1/2

[Event "Givataim int"]
[Site "Givataim"]
[Date "1998.12.??"]
[Round "2"]
[White "Greenfeld, Alon"]
[Black "Kundin, Alexander"]
[Result "1-0"]
[WhiteElo "2540"]
[BlackElo "2425"]
[Annotator "Kundin,A"]
[PlyCount "73"]
[EventDate "1998.12.??"]
[EventType "tourn"]
[EventRounds "1"]
[EventCountry "ISR"]
[SourceTitle "CBM 068"]
[Source "ChessBase"]
[SourceDate "1999.02.01"]
[SourceVersion "1"]
[SourceVersionDate "1999.02.01"]
[SourceQuality "1"]

1. c4 c6 2. e4 d5 3. exd5 cxd5 4. d4 Nf6 5. Nc3 e6 6. Nf3 Bb4 7. Bd3 dxc4 8.
Bxc4 O-O 9. O-O Nbd7 10. Bg5 Bxc3 (10... Qa5) (10... b6 11. d5 $5 $13) 11. bxc3
b6 12. Bd3 Bb7 13. c4 Qc7 14. Re1 (14. a4 $2 Ng4) 14... Rac8 {[%tqu "En","Find
a strong plan for white...","","","a2a4","White advances its pawn to a5,and
making black to choose between two unpleasent choices: either  take this pawn 
(like in the game) and thus allow white to attack the a file and secure the c4
pawn,or wait till white takes on b6 and attacks the weakness or advance the
pawn to a6,making this in future a possible queen.",30]} 15. a4 $1 $14 {
[%mdl 16] White advances its pawn to a5,and making black to choose between two
unpleasent choices: either  take this pawn (like in the game) and thus allow
white to attack on the a file and secure the c4 pawn,or wait till white takes
on b6 and attacks the weakness or advances the pawn to a6,making this in
future a possible queen.} Rfe8 (15... h6 16. Bh4 Qf4 17. Bg3 Bxf3 18. Bxf4 Bxd1
19. Raxd1 $14) 16. a5 bxa5 $6 {I don't know what is the best move for black,
but I know this isn't.Now white has a very easy game.} (16... h6 17. Bh4 Qf4 (
17... Qc6 18. Qd2 $14) 18. Bg3 Bxf3 19. Bxf4 Bxd1 20. Raxd1 bxa5 21. Ra1 Nb6
22. c5 Nbd5 23. Bd6 {This is the position I was trying to estimate during the
game,but I only found a big advantage for white in the endgame.}) 17. Bh4 Ba6
18. Qd2 $16 Qb7 19. Rec1 Nb6 {[%csl Ga6,Gb6,Gb7] Though this piece
configuration looks very funny,I couldn't find anything else to do.} 20. Bxf6
gxf6 21. Qh6 $18 {The punishment comes very quickly.Black's position is
already lost.All there is left for me is to look for a few practical chances.
And in order to be accurate,I must say that my opponent gave me them rather
than I found them.} f5 22. Ne5 Nd7 23. Be4 $2 {Though after this funny move
white is better,why sacrifice a piece when you can win the game easily without
it?} (23. Rc3 $1 {[%cal Yc3g3]} Nxe5 (23... Nf8 24. Rxa5 $18) 24. dxe5 Qb2 25.
Rac1 $18) 23... fxe4 24. Ra3 Nf8 25. Rg3+ Ng6 {[%tqu "En","","","","h2h4","My
opponent playes very accurately even in time trouble.I spended about 20
minutes here but couldn't find any defence against h5 after which my position
collapses.",20]} 26. h4 $1 $138 {My opponent playes very accurately even in
time trouble.I spended about 20 minutes here but couldn't find any defence
against h5 after which my position collapses.} Qe7 $138 (26... Bxc4 $5 27. h5
$1 (27. Rxc4 Rxc4 28. Nxc4 Qb1+ 29. Kh2 Rc8 $14) (27. Nxc4 Qd5 $13) 27... Bd5
28. Rxc8 Rxc8 29. hxg6 $18) 27. h5 Qf8 28. Qf4 Red8 29. hxg6 fxg6 (29... hxg6
30. Nxg6 $18) 30. Qxe4 Qf5 31. Qe3 $1 (31. Qxf5 exf5 32. Nxg6 hxg6 33. Rxg6+
Kf7 34. Rxa6 Rxd4 {With good chances for wrawing the game.}) 31... Bb7 32. Qh6
{The second and the last round of white's attack now begins,this one black
couldn't servive.} Be4 33. f3 $1 Rxd4 34. Nxg6 $1 hxg6 $2 (34... Qxg6 $1 {
The last chance.} 35. Rxg6+ (35. Qf4 $1 {Fritz5}) 35... Bxg6 36. c5 $18) 35.
fxe4 Qxe4 36. Rxg6+ Kf7 37. Qh7+ {Great performance by white,except for the
mysterious piece sacrifice,which turned out to be good.} 1-0

[Event "Metz op 31th"]
[Site "Metz"]
[Date "2013.04.24"]
[Round "4"]
[White "Nisipeanu, Liviu Dieter"]
[Black "Maiorov, Nikita"]
[Result "1-0"]
[WhiteElo "2677"]
[BlackElo "2535"]
[Annotator "Metz Alekhine/Primel,D"]
[PlyCount "89"]
[EventDate "2013.04.20"]
[EventType "swiss"]
[EventRounds "9"]
[EventCountry "FRA"]
[SourceTitle "EXT 2016"]
[Source "ChessBase"]
[SourceDate "2015.10.08"]
[SourceVersion "1"]
[SourceVersionDate "2015.10.08"]
[SourceQuality "1"]
[TimeControl "40/5400:1800+30"]
[WhiteClock "1:30:00"]
[BlackClock "1:30:00"]

1. d4 Nf6 2. c4 e6 3. Nc3 Bb4 {le répertoire habituel des Noirs} 4. e3 O-O (
4... c5) 5. Bd3 (5. Nge2) 5... d5 6. Nf3 dxc4 (6... c5 {La grande ligne}) 7.
Bxc4 c5 {92} 8. O-O b6 {88 C'est encore une grande ligne mais les Noirs ont
hésité un peu} 9. Qe2 (9. a3 cxd4 10. axb4 dxc3 11. Qxd8 Rxd8 12. bxc3 $14)
9... cxd4 10. exd4 Bb7 11. Rd1 (11. Bg5) 11... Bxc3 12. bxc3 Nbd7 {83} (12...
Qc7 {[%csl Rc3][%cal Gc7c4]}) 13. Bb3 (13. Bd3 Nd5 (13... Qc7 14. c4) 14. Bd2
Qc7 15. Qe4 N5f6 16. Qe3 Ng4 $132 {[%cal Gb7f3] ;Ivkov,B-Bertholdt,D Dresden
1959 (6) 1/2-1/2}) 13... Qc7 {62 Curieusement, les Noirs ont réfléchi
longtemps sur une position encore théorique} (13... Rc8 14. c4) 14. c4 Rfe8 {
63} 15. Bb2 Nh5 $146 {[%csl Rf4]} (15... Qf4 16. Qe3 Qf5 17. Ne1 b5 18. c5 Nd5
19. Qg3 Nf4 20. Rd2 Nf6 21. f3 N6h5 22. Qf2 Bd5 23. Bc2 Qg5 24. Kh1 Bc4 25. g3
Ng6 26. Ng2 Bd5 27. Ne3 Nf6 28. h4 Qh5 29. Nxd5 Nxd5 30. Re1 Red8 31. Rde2 Rab8
32. Bc1 h6 33. Kg2 Nc3 34. Re5 Nxe5 35. Rxe5 f5 36. Bb3 Nd5 37. Rxe6 Kh8 38.
Qe1 Nf6 39. Qe5 Re8 40. c6 Rbc8 41. Qxb5 Qg6 42. h5 Qxh5 43. Bf4 a6 44. Qxa6
Nh7 45. c7 {Aronian,L (2754)-Leko,P (2751) Nalchik 2009 1-0}) 16. Ng5 (16. Rac1
) 16... Nf4 {[%csl Gb7,Rg2]} 17. Qc2 Nf8 18. f3 Rac8 $11 {[%emt 0:00:33]} 19.
Qf2 Ba6 20. Rac1 Qe7 21. Ne4 f5 {[%csl Re6][%cal Gb3g8] 14 Le bielorusse est
rarement en zeitnot et le fait qu'il commence à avoir un sérieux retard à
la pendule est le signe qu'il n'est pas trés-à-l'aise dans cette position.} (
21... N8g6 {Plus souple}) 22. Ng3 Qg5 {[%csl Rg2][%cal Gf4h3,Gh7h5,Gh5h4]} 23.
Kh1 b5 $6 {[%cal Gb3g8] Gagne le contrôle de la case "d5" mais le Bb3 se
ranime} 24. cxb5 Bxb5 25. Rxc8 Rxc8 26. d5 exd5 27. Bxd5+ Kh8 $6 {Joué
quasiment à tempo alors que l'alternative Nd5 était plus solide} (27... Nxd5
28. Qxa7 $2 Rc2 $1 {La différence entre les deux variantes}) 28. Qxa7 $40 {
[%csl Ga2,Gb2,Gd5,Rg7][%cal Gb2g7,Ga7g7] La position Noire est très compromise
} Nd3 (28... h5 {[%cal Gh5h4]} 29. Bb3 h4 30. Qb7 $18 {[%cal Gb7b5,Gb7c8]}) 29.
f4 $1 Qg6 (29... Nxf4 30. Nxf5 Qxf5 31. Qxg7#) 30. Rxd3 $1 Bxd3 31. Nh5 $1 Rc1+
32. Bxc1 Qxh5 33. Ba3 Bb5 34. Bf3 Qe8 35. Bxf8 Qxf8 36. Qa8 Qxa8 37. Bxa8 Kg8
38. Kg1 Kf7 39. Kf2 Ke6 40. Ke3 Kd6 41. Kd4 h6 42. h4 Bd7 43. Bd5 Bb5 44. g3
Be8 45. Bb3 {[%cal Ga2a4]} 1-0

[Event "RUS-chT 11th"]
[Site "Sochi"]
[Date "2004.04.23"]
[Round "4.4"]
[White "Kolesnikov, Evgeny"]
[Black "Ovetchkin, Roman"]
[Result "0-1"]
[WhiteElo "2326"]
[BlackElo "2492"]
[Annotator "Mueller,Karsten"]
[PlyCount "116"]
[EventDate "2004.04.20"]
[EventType "team-tourn"]
[EventRounds "9"]
[EventCountry "RUS"]
[SourceTitle "EXT 2020"]
[Source "ChessBase"]
[SourceDate "2019.10.17"]
[SourceVersion "1"]
[SourceVersionDate "2019.10.17"]
[SourceQuality "1"]
[WhiteTeam "Tomsk Siberian Athens-Neftekhim"]
[BlackTeam "Nizhny Tagil Politekhnik"]
[WhiteTeamCountry "RUS"]
[BlackTeamCountry "RUS"]

1. d4 Nf6 2. c4 e6 3. Nc3 Bb4 4. e3 O-O 5. Bd3 d5 6. Nf3 c5 7. O-O cxd4 8. exd4
dxc4 9. Bxc4 Nbd7 10. Bg5 Bxc3 11. bxc3 Qc7 12. Qe2 b6 13. Rac1 Bb7 14. Bd3
Rfe8 15. Rfe1 Rac8 16. Ne5 h6 17. Bd2 Nxe5 18. dxe5 Qc6 19. f3 Qc5+ 20. Kh1 Nd7
21. f4 Qe7 22. f5 exf5 23. Bxf5 Rc5 24. e6 Re5 25. exf7+ Qxf7 26. Qf2 Be4 27.
Rxe4 Rxe4 28. Bh7+ Kf8 29. Rf1 Qxf2 30. Rxf2+ Nf6 31. Bxe4 Rxe4 32. h3 Ke7 33.
Kh2 Rc4 34. Rf4 Ne4 $19 35. Be3 g5 36. Rf3 (36. Rg4 $2 Kf6 37. h4 Kf5 $19)
36... Rxc3 37. Bd4 Rxf3 38. gxf3 Nd6 {Despite there being pawns on both wings,
Black wins because he can keep control of everything.  trotz Bauern an beiden
Flügeln gewinnt Schwarz, weil er alles unter Kontrolle hat.} 39. Bc3 Nf5 40.
Bd2 Ke6 41. f4 gxf4 42. Bxf4 Kd5 43. Kg2 Ke4 44. Bb8 a6 45. Ba7 b5 46. Bc5 a5
47. Bb6 a4 48. Bc5 Nd4 49. Bf8 h5 50. Kg3 Nf5+ 51. Kf2 Kd5 ({Or did the game
end Oder war das Ende der Partie} 51... Kd3 52. Kf3 Nd4+ 53. Kg3 Nc2 54. Kh4 b4
55. Bh6 Nd4 56. Bf8 b3 57. axb3 axb3 58. Ba3 Kc2 {[%cal Gd4b5] 0-1 ?}) 52. Kf3
Nd4+ 53. Kg3 Nc2 54. Kh4 b4 55. Bh6 Nd4 (55... a3 {wins as well: gewinnt
ebenfalls:} 56. Bf8 Kd4 57. Kxh5 Kc3 58. h4 b3 59. Bg7+ Nd4 60. axb3 a2 $19)
56. Bf8 {[%tqu "En","Black to play and win.","","","b4b3","This is too hasty
for Black.",-2,"d5c4","",6,"De","Schwarz zieht und gewinnt","","","b4b3",
"Schwarz geht zu überhastet vor.",-2,"d5c4","",6]} b3 $2 {This is too hasty
for Black. Schwarz geht zu überhastet vor.} (56... Kc4 57. Kxh5 (57. Bxb4 Kxb4
58. Kxh5 Ka3 59. Kg6 Kxa2 60. h4 a3 61. h5 Ne6 62. h6 Kb3 63. Kf6 a2 $19) 57...
b3 58. axb3+ axb3 59. Ba3 Kc3 60. h4 Nb5 61. Bc1 Kc2 62. Bf4 b2 $19) 57. axb3
axb3 58. Ba3 Nc2 {did White resign or did his time run out? The position is
drawn in any case: hat Weiß aufgegeben oder ist seine Zeit gefallen? Die
Stellung ist jedenfalls remis:} (58... Nc2 59. Bb2 Ke4 60. Kxh5 Kf5 61. h4 Ne1
62. Kh6 Kg4 63. h5 Nf3 64. Kg6 Nh4+ 65. Kf6 Kxh5 66. Ke5 $11) (58... Kc4 59.
Bb2 Kd3 60. Kxh5 Nb5 61. h4 Kc2 62. Ba1 Kb1 63. Bf6 Kc2 64. Ba1 $11) 0-1

[Event "RUS-ch m1-2"]
[Site "Elista"]
[Date "1997.05.25"]
[Round "3.1"]
[White "Dolmatov, Sergey"]
[Black "Bareev, Evgeny"]
[Result "1/2-1/2"]
[WhiteElo "2560"]
[BlackElo "2665"]
[Annotator "Mueller,Karsten"]
[PlyCount "54"]
[EventDate "1997.05.19"]
[EventType "k.o."]
[EventRounds "6"]
[EventCountry "RUS"]
[SourceTitle "CBM 059"]
[Source "ChessBase"]
[SourceDate "1997.08.01"]
[SourceVersion "1"]
[SourceVersionDate "1997.08.01"]
[SourceQuality "1"]

1. e4 c6 2. d4 d5 3. exd5 cxd5 4. c4 Nf6 5. Nc3 e6 6. Nf3 Bb4 7. Bd3 dxc4 8.
Bxc4 a6 (8... Qc7 9. Qd3 O-O 10. O-O Bxc3 11. bxc3 Nbd7 12. Bg5 b6 13. Rfe1 Bb7
14. Bb3 Rac8 15. Rac1 Qd6 $11 {Kraut,R-Schlosser,P/BL9596 1996/BL 90/0-1 (60)})
9. O-O (9. a4 O-O (9... Nbd7 10. O-O Nb6 11. Bb3 Nbd5 12. Qd3 O-O 13. Bg5 Be7
14. Rfe1 h6 15. Bd2 $11 {1/2-1/2 Vaisser,A-Sveshnikov,E/Moscow Tal 1992/EXT
92op (41)}) 10. O-O b6 11. Bg5 Nbd7 12. Qe2 Bxc3 13. bxc3 Qc7 14. Rfc1 Bb7 15.
Bd3 Rfe8 $11 {1/2-1/2 Yanvarjov,I-Lempert,I/Moscow7 op 1991/TD 91\03 (21)})
9... O-O (9... b5 10. Bb3 O-O 11. Bg5 Bb7 12. Qe2 Bxc3 $6 13. bxc3 Nbd7 14. Ne5
Nb6 $6 15. Ng4 Nbd5 16. Qf3 $40 {1-0 Wunderlich,H-Frick,C/BL2-S 1990/BL2 (25)})
10. a3 Bxc3 11. bxc3 b5 12. Bd3 Bb7 13. a4 Qd5 14. Re1 Nbd7 15. Qe2 Rfc8 16.
Bd2 Bc6 17. Qf1 bxa4 18. Ne5 Nxe5 (18... Bb5 19. c4 Nxe5 (19... Qxd4 $2 20. Nf3
$16) 20. cxd5 (20. dxe5 Rxc4 21. exf6 Rc2 22. Bxb5 axb5 23. Be3 $13) 20... Bxd3
21. Re2 (21. dxe5 Bxf1 22. exf6 Bb5 23. dxe6 $11) 21... Nc4 22. Qe1 Bxe2 23.
Qxe2 exd5 $13) 19. Rxe5 Qd6 20. Qd1 Qd7 21. Bc2 Rab8 22. h3 Nd5 23. c4 Nb4 24.
Bxb4 Rxb4 25. Rc5 g6 26. d5 exd5 27. cxd5 Bb5 (27... Bb5 28. Rxc8+ Qxc8 29.
Bxa4 Bxa4 30. Rxa4 Rxa4 31. Qxa4 Qc1+ 32. Kh2 Qc7+ $11) 1/2-1/2

[Event "Ciocaltea Memorial"]
[Site "Bucharest"]
[Date "1997.??.??"]
[Round "2"]
[White "Vajda, Levente"]
[Black "Nisipeanu, Liviu Dieter"]
[Result "0-1"]
[WhiteElo "2435"]
[BlackElo "2545"]
[Annotator "Mueller,Karsten"]
[PlyCount "80"]
[EventDate "1997.03.??"]
[EventType "tourn"]
[EventRounds "13"]
[EventCountry "ROU"]
[EventCategory "10"]
[SourceTitle "CBM 060"]
[Source "ChessBase"]
[SourceDate "1997.09.29"]
[SourceVersion "1"]
[SourceVersionDate "1997.09.29"]
[SourceQuality "1"]

1. e4 c6 2. d4 d5 3. exd5 cxd5 4. c4 Nf6 5. Nc3 e6 6. Nf3 Bb4 7. Bd3 dxc4 8.
Bxc4 Bxc3+ (8... O-O 9. a3 (9. Bd3 b6 10. O-O Be7 11. Qe2 Nc6 12. Rd1 Nb4 13.
Bb1 Ba6 14. Qe1 Rc8 15. Ne5 Nbd5 16. Ne4 Nxe4 17. Qxe4 Nf6 18. Qh4 Be2 19. Bg5
g6 20. Re1 Nd5 $11 {1/2-1/2 Podgaets,M-Guseinov,A/URS-FL Tallinn 1983/MCL 06 
(29)}) (9. Qd3 b6 10. Bg5 Bb7 11. Rd1 Bxc3+ 12. bxc3 Nbd7 13. Bf4 Rc8 14. Bb3
Be4 {1/2-1/2 Watson,J-Evans,L/New York Marshall op 1979/MCD-op}) 9... Bxc3+ 10.
bxc3 Qc7 11. Qd3 Nbd7 12. O-O b6 $11 {1/2-1/2 Thorhallsson,T-Sorensen,H/
Copenhagen op 1995/EXP 47 (19)}) (8... Nd5 9. Qd3 Nc6 10. O-O Nb6 11. Bb3 O-O
12. Bc2 g6 13. a3 Be7 14. Bh6 Re8 15. Rad1 $14 {Nixon,R-Sejdini,V/Redcar op
1995/EXT 95op/1-0 (60)}) (8... a6 9. a4 O-O 10. O-O b6 11. Bg5 Nbd7 12. Qe2
Bxc3 13. bxc3 Qc7 14. Rfc1 Bb7 $11 {1/2-1/2 Yanvarjov,I-Lempert,I/Moscow7 op
1991/TD 91\03 (21)}) 9. bxc3 Qc7 10. Qd3 (10. Qe2 O-O 11. O-O Nbd7 12. Ba3 (12.
Bg5 b6 13. Rac1 Bb7 14. Bh4 Rac8 $11 {Gobet,F-Muresan,M/Biel schev 1987/EXT
87b/1/2-1/2 (57)}) 12... Re8 13. Rac1 Qa5 14. Bd6 Qh5 15. Rb1 $14 {1-0 Staller,
P-Libeau,R/BL2-W 1993/BL2 (41)}) 10... O-O 11. O-O b6 (11... Nbd7 12. Bg5 b6
13. Rfe1 Bb7 14. Rac1 Ng4 15. Bh4 Rfc8 16. Bb3 Bxf3 17. Bg3 Qb7 18. gxf3 Nh6
19. Qe4 $14 {0-1 Ginzburg,M-Garcia Palermo,C/La Carlota Clarin op 1995/EXT
95op2 (44)}) 12. Re1 Bb7 13. Bb3 Nbd7 14. Bg5 Rac8 15. Rac1 Qd6 16. Bc2 Rfd8
17. Qe2 (17. Bh4 Qa3 18. Bb3 a5 19. Nd2 a4 20. Nc4 Qf8 21. Bxf6 Nxf6 22. Nxb6 (
22. Bxa4 Ba6 23. Bb3 Qe7 $19) 22... axb3 23. Nxc8 b2 24. Rb1 Rxc8 25. Rxb2 $13
{Kraut,R-Schlosser,P/BL9596 1996/BL 90/0-1 (60)}) 17... Re8 (17... Rxc3 $2 18.
Bxh7+ Nxh7 19. Bxd8 Bxf3 20. gxf3 Rxc1 21. Rxc1 $16) 18. Bb1 h6 (18... Ng4 $2
19. h3 Bxf3 $2 20. Qxf3 Qh2+ $2 21. Kf1 $18) 19. Bxf6 (19. Bh4 Qf4 20. Bg3 Bxf3
$15) 19... Nxf6 20. Ne5 Qd5 21. f3 Qa5 22. c4 Qa3 23. Qe3 Qxe3+ 24. Rxe3 Rc7
25. Ra3 Ba8 26. Rd1 Rd8 27. Kf2 Ne8 28. Ra4 Nd6 29. Bd3 f6 30. Ng4 Nc8 31. Ne3
Ne7 32. Be4 Bc6 33. Ra3 Rcd7 34. Bxc6 Nxc6 35. d5 exd5 36. Nxd5 (36. cxd5 Nb4
37. Rd2 (37. Rb3 $2 Nxd5 38. Rbd3 Nxe3 39. Rxd7 Nxd1+ $19 {verliert analog zur
Partie}) 37... Kf7 $15) (36. Rxd5 $15) 36... Nb4 {der Rest ist vermutlich
durch Zeitnot gekennzeichnet:} 37. Rd4 $2 a5 (37... Nc2 $1 $19) 38. Rb3 Nxd5
39. Rbd3 $4 (39. Rxd5 Rxd5 40. cxd5 Rxd5 41. Rxb6 Rd2+ 42. Kg3 Rxa2 43. Rb7 $17
) 39... Nb4 40. Rxd7 Nxd3+ 0-1

[Event "RUS-ch"]
[Site "Elista"]
[Date "1995.??.??"]
[Round "7"]
[White "Yakovich, Yuri"]
[Black "Dreev, Alexey"]
[Result "0-1"]
[WhiteElo "2560"]
[BlackElo "2670"]
[Annotator "Nikitin,A"]
[PlyCount "64"]
[EventDate "1995.10.??"]
[EventType "swiss"]
[EventRounds "11"]
[EventCountry "RUS"]
[SourceTitle "CBM 050"]
[Source "ChessBase"]
[SourceDate "1996.02.01"]
[SourceVersion "1"]
[SourceVersionDate "1996.02.01"]
[SourceQuality "1"]

1. c4 c6 2. e4 d5 3. exd5 cxd5 4. d4 Nf6 5. Nc3 e6 6. Nf3 Bb4 7. Bd3 dxc4 8.
Bxc4 O-O 9. O-O a6 10. Ne5 b5 11. Qf3 Qxd4 12. Qxa8 Qxe5 13. Be2 Bxc3 14. bxc3
Qxe2 15. Qxb8 Nd5 16. a4 (16. Qg3 $1 Qc4 17. Bd2 $14) 16... Nxc3 (16... Qc4 17.
Ba3 {/Sherbakov,R-Kharitonov,A/RUS-ch/Elista/1994/0,5/17/}) 17. Ba3 Re8 18. Bb4
(18. Rac1 $5 Qc4 19. Rfe1 Bd7 20. Qe5 (20. Qd6 Rc8 21. h3 b4 $1 22. Rxc3 $1
Qxc3 23. Rc1 Qxc1+ 24. Bxc1 Rxc1+ 25. Kh2 Be8 26. Qxa6 Rc7 $8 27. Qa8 Re7 28.
Qb8 f6 29. Qxb4 Kf7 30. a5 Bc6 $10) 20... b4 21. Bxb4 Qxb4 22. Rxc3 Bxa4 23.
Rg3 f6 24. Qa1 Bb5 $13) 18... Nd5 19. Rac1 Bd7 20. Qd6 (20. Qxe8+ Bxe8 21. Rc8
Nf6 22. Be7 bxa4 23. Bxf6 gxf6 24. Rxe8+ Kg7 25. Rd8 a3 26. Rdd1 a2 $15) 20...
Nxb4 21. Qxd7 Rf8 22. Rc8 Qd3 23. Rxf8+ Kxf8 24. Qc8+ Ke7 25. Qc7+ (25. Qc5+
Qd6 26. Qg5+ Kf8 27. axb5 axb5 28. Rc1 Nc6 29. Qxb5 Ne7 30. Ra1 $14) 25... Qd7
26. Qc3 Nd5 27. Qxg7 b4 28. a5 Qb5 29. Qg5+ (29. Qxh7 $6 b3 30. Rb1 Nc3 31.
Qh4+ f6 $1 $8 32. Qh7+ Ke8 33. Qg6+ Ke7 34. Qg7+ Ke8 35. Re1 Ne2+ 36. Kh1 b2)
29... Ke8 30. Qg8+ Ke7 31. Qg5+ Ke8 32. Qg8+ Ke7 $138 0-1